| 000 -ლიდერი |
| ფიქსირებული სიგრძის საკონტროლო ველი |
02006nam a2200265Ia 4500 |
| 001 - საკონტროლო ნომერი |
| საკონტროლო ველი |
9220 |
| 003 - საკონტროლო ნომრის იდენტიფიკატორი |
| საკონტროლო ველი |
GE_BSU |
| 005 - ბოლო ოპერაციის თარიღი და დრო |
| საკონტროლო ველი |
20240610124815.0 |
| 008 - ფიქსირებული სიგრძის მონაცემთა ელემენტები - ზოგადი ინფორმაცია |
| ფიქსირებული სიგრძის საკონტროლო ველი |
181216s2014||||ge |||||||||||||| ||geo|| |
| 020 ## - წიგნის საერთაშორისო სტანდარტული ნომერი |
| International Standard Book Number |
97899414078 |
| 040 ## - კატალოგიზაციის წყარო |
| Transcribing agency |
GE_BSU |
| 041 ## - ენის კოდი |
| Language code of text/sound track or separate title |
geo |
| 080 ## - უნივერსალური ათობითი კლასიფიკაციის ინდექსი |
| Universal Decimal Classification number |
28(479.223)+321(479.223) ბ-25 |
| 100 ## - მთავარი ჩანაწერი - პიროვნების სახელი |
| Personal name |
ბარამიძე, რუსლან |
| 9 (RLIN) |
22378 |
| 245 ## - ცნობა სათაურის შესახებ |
| Title |
საქართველოს მუსლიმი თემი და სახელმწიფო პოლიტიკა (1991-2012 წლები) = The muslim community of Geoargia and state politics(years 1991-2012) / |
| Statement of responsibility, etc |
რუსლან ბარამიძე ; რედაქტორები : ლავრენტი ჯანიაშვილი, ზაზა შაშიკაძე ; ბათუმის შოთა რუსთაველის სახელმწ. უნ-ტი, ნიკო ბერძენიშვილის ინ-ტი, ჰუმანიტარულ მეცნიერებათა ფაკ-ტის ქართველოლოგიის ცენტრი. |
| 264 ## - წარმოების, გამოცემის, დისტრიბუციის და სხვა ცნობები |
| გამოცემის, წარმოების, დისტრიბუციის... ადგილი |
ბათუმი : |
| გამოცემის, წარმოების, დისტრიბუციის... სახელწოდება |
ჰოროსი XXI, |
| გამოცემის, წარმოების, დისტრიბუციის... თარიღი |
2014. |
| 300 ## - ფიზიკური აღწერა |
| Extent |
244 გვ. ; |
| Dimensions |
20 სმ. |
| 500 ## - ზოგადი შენიშვნა |
| General note |
თავფურცელი ქართულ და ინგლისურ ენებზე |
| 504 ## - BIBLIOGRAPHY, ETC. NOTE |
| Bibliography, etc |
ბიბლიოგრ. ტექსტის შენიშვნებში |
| 653 ## - INDEX TERM--UNCONTROLLED |
| Uncontrolled term |
საქართველოს მუსლიმი თემი და სახელმწიფო პოლიტიკა (1991-2012 წლები) |
| 653 ## - INDEX TERM--UNCONTROLLED |
| Uncontrolled term |
ისლამი საქართველოში |
| 700 ## - ADDED ENTRY--PERSONAL NAME |
| Personal name |
ჯანიაშვილი, ლავრენტი |
| Relator term |
რედაქტორი |
| 9 (RLIN) |
17610 |
| 700 ## - ADDED ENTRY--PERSONAL NAME |
| Personal name |
შაშიკაძე, ზაზა |
| Relator term |
რედაქტორი |
| 9 (RLIN) |
22379 |
| 942 ## - ADDED ENTRY ELEMENTS (KOHA) |
| Koha item type |
წიგნი |
| Source of classification or shelving scheme |
|